| 000 | 01953nam a2200493 c 4500 | ||
|---|---|---|---|
| 001 | 22043 | ||
| 003 | ES-MaCES | ||
| 005 | 20150929135823.0 | ||
| 008 | 090407s2008 sp 100 | spa d | ||
| 017 |
_aM 42112-2008 _bDL |
||
| 020 | _a9788497213424 | ||
| 035 | _aCES20090004093m | ||
| 040 |
_aES-MaCES _bspa _cES-MaCES |
||
| 111 | 2 |
_aCiclo de Conferencias y Debates "Diálogos sobre Política Sindical" _d2008 _91080 |
|
| 245 | 1 | 0 |
_aDiálogos sobre política sindical _c[Ciclo de Conferencias y Debates titulado "Diálogos sobre Política Sindical, organizados por la Fundación Sindical de Estudios, entre febrero y junio de 2008 ; promueve, Fundación Sindical de Estudios y Comisiones Obreras de Madrid ; autores, Joaquín Aparicio Tovar ... et al.] |
| 250 | _a1ª ed | ||
| 260 |
_aMadrid _bEdiciones GPS _c2008 |
||
| 300 |
_a282 p. _c21 cm _e1 CD-ROM |
||
| 500 | _aEn el lomo: 102 | ||
| 500 | _aTít. del CD-ROM: Diálogo social y negociación colectiva 2004-2008 | ||
| 541 | _cGratuito | ||
| 650 | 4 |
_asindicalismo _929453 |
|
| 650 | 4 |
_anegociación colectiva _928362 |
|
| 650 | 4 |
_areestructuración industrial _930021 |
|
| 650 | 4 |
_aglobalización económica _930653 |
|
| 650 | 4 |
_aigualdad de oportunidades _927183 |
|
| 650 | 4 |
_apolítica social _927029 |
|
| 650 | 4 |
_aEstado-Benefactor _929481 |
|
| 650 | 4 |
_aactitud sindical _929839 |
|
| 650 | 4 |
_aEspaña _926964 |
|
| 650 | 4 |
_a2004-2008 _931923 |
|
| 650 | 4 |
_aconferencia _927013 |
|
| 650 | 4 |
_aCD ROM _930331 |
|
| 653 | 1 | 0 | _aRelaciones laborales-Empleo |
| 650 | 4 |
_928377 _asindicato |
|
| 650 | 4 |
_930664 _aconcertación social |
|
| 700 | 1 |
_aAparicio Tovar, Joaquín _96394 |
|
| 710 | 2 |
_aComisiones Obreras _bUnión Sindical de Madrid-Región _92156 |
|
| 710 | 2 |
_aFundación Sindical de Estudios _93910 |
|
| 740 | 0 | 2 | _aDiálogo social y negociación colectiva 2004-2008 |
| 902 | _aLIB Libro | ||
| 942 |
_2CES _cBK _h2.0. |
||
| 999 |
_c22043 _d22043 |
||